000 00399nam a2200169Ia 4500
003 GCL
008 140319s9999 xx 000 0 eng d
040 _aGCL /
_cGCL
082 0 4 _a306
_bI C
100 1 _aENGLIS, FRED
245 1 0 _aCULTURAL STUDIES /
_cENGLIS, FRED
260 _a[S.N] :
_bBLACKWELL PUBLISHERS
300 _a262 P
650 0 4 _aSOCIOLOGY
650 0 4 _aCULTURE
942 _2ddc
_cBK
999 _c20938
_d20938